| 000 | 00905nam a22002777a 4500 | ||
|---|---|---|---|
| 003 | OSt | ||
| 005 | 20250623115402.0 | ||
| 008 | 240919b |||||||| |||| 00| 0 eng d | ||
| 020 | _a9781509821822 (paperback) | ||
| 024 | _cUSD 17 | ||
| 040 |
_aNUST _beng _cNUST _dNUST _erda |
||
| 050 | _aRC339.52 SAC | ||
| 100 |
_aSacks, Oliver _eAuthor |
||
| 245 |
_aEverything in its place : _bfirst loves and last tales / _cOliver, Sacks. |
||
| 260 |
_aNew York : _bAlfred A. Knopf, _c©2019. |
||
| 300 |
_avi, 274 pages ; _c22 cm. |
||
| 336 |
_2rdacontent _atext _btxt |
||
| 337 |
_2rdamedia _aunmediated _bn |
||
| 338 |
_2rdacarrier _avolume _bnc |
||
| 504 | _aIncludes bibliographical references and index. | ||
| 650 | _vSacks, Oliver, 1933-2015. | ||
| 650 | _vNeurologists -- Biography. | ||
| 650 | _vPhysicians. | ||
| 650 | _vNeurologists. | ||
| 942 |
_2lcc _cBOOKS _hRC339.52 SAC _kRC _mSAC _n0 |
||
| 999 |
_c171042 _d171042 |
||